Statistiques concernant Lesquelles de ces villes européennes ...

Cliquez ici pour prendre le quiz!

Statistiques générales

  • Ce quiz a été pris 188 fois
  • Le résultat moyen est 35 sur 45

Statistiques - réponses

QuestionTuileSelect% Correct
Lesquelles de ces villes sont des capitales ?LondresOui
100%
Lesquelles de ces villes sont en Allemagne ?BerlinOui
99%
Lesquelles de ces villes sont des capitales ?MoscouOui
99%
Lesquelles de ces villes sont des capitales ?RennesNon
99%
Lesquelles de ces villes sont des capitales ?BirkirkaraNon
98%
Lesquelles de ces villes sont des capitales ?PragueOui
98%
Lesquelles de ces villes ont une population de plus d'1 million d'habitants ? (Population municipale)BerlinOui
97%
Lesquelles de ces villes sont en Allemagne ?PragueNon
97%
Lesquelles de ces villes sont des capitales ?BarceloneNon
96%
Lesquelles de ces villes sont en Allemagne ?FrancfortOui
95%
Lesquelles de ces villes sont des capitales ?GenèveNon
95%
Lesquelles de ces villes sont en Allemagne ?AalborgNon
93%
Lesquelles de ces villes sont dans les Balkans ?ParisNon
93%
Lesquelles de ces villes sont des capitales ?La ValetteOui
92%
Lesquelles de ces villes sont dans les Balkans ?SarajevoOui
92%
Lesquelles de ces villes sont dans les Balkans ?MoscouNon
90%
Lesquelles de ces villes ont une population de plus d'1 million d'habitants ? (Population municipale)NiceNon
89%
Lesquelles de ces villes sont dans les Balkans ?VienneNon
89%
Lesquelles de ces villes sont dans les Balkans ?BelgradeOui
88%
Lesquelles de ces villes sont en Allemagne ?ThannNon
88%
Lesquelles de ces villes sont dans les Balkans ?ZagrebOui
87%
Lesquelles de ces villes ont une population de plus d'1 million d'habitants ? (Population municipale)MilanOui
86%
Lesquelles de ces villes sont des capitales ?NicosieOui
86%
Lesquelles de ces villes sont des capitales régionales ?SévilleOui
86%
Lesquelles de ces villes sont dans les Balkans ?PristinaOui
83%
Lesquelles de ces villes sont des capitales régionales ?CataneNon
80%
Lesquelles de ces villes sont des capitales régionales ?BruxellesOui
79%
Lesquelles de ces villes sont en Allemagne ?LodzNon
79%
Lesquelles de ces villes ont une population de plus d'1 million d'habitants ? (Population municipale)BudapestOui
71%
Lesquelles de ces villes sont des capitales régionales ?BelfastOui
69%
Lesquelles de ces villes sont en Allemagne ?MünsterOui
69%
Lesquelles de ces villes sont dans les Balkans ?TriesteNon
68%
Lesquelles de ces villes sont des capitales régionales ?MalagaNon
63%
Lesquelles de ces villes sont des capitales régionales ?OrléansOui
62%
Lesquelles de ces villes sont dans les Balkans ?BudapestNon
61%
Lesquelles de ces villes sont des capitales régionales ?Le HavreNon
60%
Lesquelles de ces villes sont en Allemagne ?KielOui
59%
Lesquelles de ces villes sont en Allemagne ?BielefeldOui
55%
Lesquelles de ces villes ont une population de plus d'1 million d'habitants ? (Population municipale)DublinNon
52%
Lesquelles de ces villes sont des capitales régionales ?HanovreOui
45%
Lesquelles de ces villes sont des capitales régionales ?LeipzigNon
45%
Lesquelles de ces villes ont une population de plus d'1 million d'habitants ? (Population municipale)CologneOui
43%
Lesquelles de ces villes ont une population de plus d'1 million d'habitants ? (Population municipale)StockholmNon
43%
Lesquelles de ces villes ont une population de plus d'1 million d'habitants ? (Population municipale)SofiaOui
36%
Lesquelles de ces villes ont une population de plus d'1 million d'habitants ? (Population municipale)NaplesNon
33%

Distribution des résultats

Percentile par nombre de réponses

% des personnes avec chaque résultat

Votre développement - résultats

Vous n’avez pas pris ce quiz